00343nam a2200133Ia 450000500170000000800410001702000150005808200130007310000260008624500190011226000450013130000120017665000210018820250613031705.0240331s9999 xx 000 0 und d a9559525409 bRAJa305 aRajakarunanayake, T.S 0aTinkiri patiya aNugegodabNihal Raja Karuna Nayakac1990 a52 p ., aChildren's Novel